| 000 | 00550nam a2200217Ia 4500 | ||
|---|---|---|---|
| 005 | 20260429112126.0 | ||
| 008 | 260429s9999||||xx |||||||||||||| ||und|| | ||
| 020 | _a9780367241858 | ||
| 041 | _aEnglish | ||
| 082 |
_a200.9 _bNOS |
||
| 100 | _aNoss, David S. | ||
| 245 | 0 |
_aHistory of the world's religions / _cDavid S. Noss |
|
| 250 | _a14th ed. | ||
| 260 |
_aNew York : _bRoutledge, _c2025. |
||
| 300 | _axvi, 658 p.; pbk | ||
| 650 | _a Religion | ||
| 650 | _a World | ||
| 650 | _aHistory | ||
| 700 | _a Grangaard, Blake R. | ||
| 942 | _cTB | ||
| 999 |
_c52483 _d52483 |
||